Лариса Рейснер (Запись № 1695566)

Подробности
000 -МАРКЕР
контрольное поле 01432nam0a2200337 4500
001 - ИДЕНТИФИКАТОР ЗАПИСИ
контрольное поле RU\NLR\bibl\1200872
005 - ИДЕНТИФИКАТОР ВЕРСИИ
контрольное поле 20250630112929.0
010 ## - МЕЖДУНАРОДНЫЙ СТАНДАРТНЫЙ НОМЕР КНИГИ (ISBN)
Номер (ISBN) 978-5-235-03073-2
021 ## - НОМЕР ГОСУДАРСТВЕННОЙ РЕГИСТРАЦИИ
Код страны Российская Федерация
Номер 2008-3234
Номер Листа государственной регистраци 172
035 ## - ДРУГИЕ СИСТЕМНЫЕ НОМЕРА
Идентификатор записи (NLR Aleph) 001187376
100 ## - ДАННЫЕ ОБЩЕЙ ОБРАБОТКИ
Данные общей обработки 20080228d2008 |||y0rusy50 ca
101 0# - ЯЗЫК РЕСУРСА
Язык текста, звукозаписи и т.д. русский
102 ## - СТРАНА ПУБЛИКАЦИИ ИЛИ ПРОИЗВОДСТВА
Страна публикации Российская Федерация
105 ## - ПОЛЕ КОДИРОВАННЫХ ДАННЫХ: ТЕКСТОВЫЕ МАТЕРИАЛЫ, МОНОГРАФИЧЕСКИЕ
Кодированные данные о монографическом текстовом документе a |||||||||
200 1# - ЗАГЛАВИЕ И СВЕДЕНИЯ ОБ ОТВЕТСТВЕННОСТИ
Основное заглавие Лариса Рейснер
Первые сведения об ответственности Галина Пржиборовская
210 ## - ПУБЛИКАЦИЯ, РАСПРОСТРАНЕНИЕ И ДР.
Место издания, распространения и т.д. Москва
Имя издателя, распространителя и т. д. Молодая гвардия
Дата издания, распространения и т.д. 2008
215 ## - ФИЗИЧЕСКАЯ ХАРАКТЕРИСТИКА
Специфическое обозначение материала и объем 486, [2] с., [16] л. ил., портр.
Размеры 21
225 1# - СЕРИЯ
Основное заглавие серии Жизнь замечательных людей
Сведения, относящиеся к заглавию серия биографий
Сведения об ответственности основана в 1890 году Ф. Павленковым и продолжена в 1933 году М. Горьким
Обозначение тома вып. 1286 (1086)
300 ## - ОБЩИЕ ПРИМЕЧАНИЯ
Текст примечания На корешке загл. сер.: ЖЗЛ
320 ## - ПРИМЕЧАНИЯ О НАЛИЧИИ В ДОКУМЕНТЕ БИБЛИОГРАФИИ / УКАЗАТЕЛЯ
Текст примечания Библиогр.: с. 481-483
600 #1 - ИМЯ ЛИЦА КАК ПРЕДМЕТ
Начальный элемент ввода Рейснер
Часть имени, кроме начального элемента ввода Л.М.
Даты 1895 - 1926
Расширение инициалов личного имени Лариса Михайловна
Системный номер авторитетной/нормативной записи 1512668
Идентификатор авторитетной/нормативной записи RU\NLR\auth\66958729
686 ## - ИНДЕКСЫ ДРУГИХ КЛАССИФИКАЦИЙ
Индекс Ш5(2=Р)7-4Рейснер
700 #1 - ИМЯ ЛИЦА - ПЕРВИЧНАЯ ОТВЕТСТВЕННОСТЬ
Начальный элемент ввода Пржиборовская
Часть имени, кроме начального элемента ввода Г. А.
Даты 1940-2014
Расширение инициалов личного имени Галина Андреевна
Код отношения Автор
801 #0 - ИСТОЧНИК ЗАПИСИ
Страна Российская Федерация
Организация NLR
Дата составления 20080228
Правила каталогизации RCR
801 #1 - ИСТОЧНИК ЗАПИСИ
Страна Российская Федерация
Организация NLR
Дата составления 20080228
830 ## - ОБЩЕЕ ПРИМЕЧАНИЕ, СОСТАВЛЕННОЕ КАТАЛОГИЗАТОРОМ
Текст примечания по кн
942 ## - ДОПОЛНИТЕЛЬНЫЕ ЭЛЕМЕНТЫ ЗАПИСИ (АБИС)
Тип экземпляра АБИС Книга
980 ## - КОЛЛЕКЦИЯ
Название коллекции Национальная библиография
Экземпляры
Тип экземпляра Дата поступления Источник поступления Библиотека постоянного хранения Библиотека текущего хранения Место хранения Шифр хранения Штрих-код Статус экземпляра Стоимость
Книга 14.03.2008 Обязательный экземпляр РНБ (Московский) РНБ (Московский) Русский книжный фонд: издания с 1957 года 2008-3/7454 1-96864    
Книга 14.03.2008 Обязательный экземпляр РНБ (Московский) РНБ (Московский) Русский книжный фонд: издания с 1957 года 2008-3/7454 1-345691    
Книга 09.06.2008 Покупка РНБ (Садовая) РНБ (Садовая) Универсальный читальный зал У Ш5(2=Р)7/Р-354п 1-216477   366.00
Книга 25.10.2010 Обмен РНБ (Садовая) РНБ (Садовая) Фонд Абонемента (Садовая) Аб Ш5(2=Р)5/П-74 3276423   100.00
Книга 25.03.2019 Покупка РНБ (Садовая) РНБ (Садовая) Фонд международного книгообмена   1-2642466 Доставлен в Фoнд 366.00